| Tag |
First Indicator |
Second Indicator |
Subfields |
| LEADER |
00000cam a2200000 4500 |
| 001 |
in00003876113 |
| 005 |
20190415192511.0 |
| 006 |
m o d |
| 007 |
cr |n||||||||n |
| 008 |
850823s1778 xxu|||| o o00| | eng c |
| 035 |
|
|
|a (CU-RivES)W15595
|
| 035 |
|
|
|a (Uk-ES)006433296
|
| 035 |
|
|
|a (OCoLC)511023347
|
| 040 |
|
|
|a MWA
|c MWA
|d CU-RivES
|d CStRLIN
|d Cengage Gale
|d UtOrBLW
|
| 050 |
|
4 |
|a Z1215
|b .M377 1778
|
| 110 |
1 |
|
|a Massachusetts.
|b General Court.
|
| 240 |
1 |
0 |
|a Resolves. 1778-04-20
|
| 245 |
1 |
0 |
|a State of Massachusetts-Bay. In the House of Representatives, April 20, 1778 :
|b Whereas Congress by their resolve of February 18th, 1778, has called upon this state for thirteen hundred of the Militia thereof ...
|
| 264 |
|
3 |
|a [Boston] :
|b [Printed by Powars and Willis],
|c [1778]
|
| 300 |
|
|
|a 1 online resource (1 sheet)
|
| 336 |
|
|
|a text
|b txt
|2 rdacontent
|
| 337 |
|
|
|a computer
|b c
|2 rdamedia
|
| 338 |
|
|
|a online resource
|b cr
|2 rdacarrier
|
| 500 |
|
|
|a Directing detachments from certain brigades to fill the quota.
|
| 500 |
|
|
|a "In Council, April 20, 1778. Read and concurred. .." - Ascribed to the press of Powars and Willis by Cushing.
|
| 510 |
4 |
|
|a Evans,
|c 15902
|
| 510 |
4 |
|
|a Ford, W.C. Broadsides,
|c 2145
|
| 510 |
4 |
|
|a Cushing, J.D. Mass. laws,
|c 1032
|
| 510 |
4 |
|
|a English Short Title Catalog,
|c W15595.
|
| 500 |
|
|
|a Reproduction of original from Boston Public Library.
|
| 500 |
|
|
|a Electronic resource.
|
| 610 |
1 |
0 |
|a United States.
|b Continental Army.
|0 http://id.loc.gov/authorities/names/n79045178
|
| 610 |
1 |
0 |
|a Massachusetts.
|b Militia.
|0 http://id.loc.gov/authorities/names/n85369275
|
| 651 |
|
0 |
|a Massachusetts
|x History, Military.
|
| 651 |
|
0 |
|a Massachusetts
|x History
|y Revolution, 1775-1783.
|0 http://id.loc.gov/authorities/subjects/sh85081931
|
| 651 |
|
0 |
|a United States
|x History
|y Revolution, 1775-1783
|x American forces.
|0 http://id.loc.gov/authorities/subjects/sh85140140
|
| 655 |
|
7 |
|a Electronic books.
|2 local
|
| 655 |
|
7 |
|a Broadsides.
|2 rbgenr
|
| 700 |
1 |
|
|a Powars, Edward Eveleth,
|e printer.
|0 http://id.loc.gov/authorities/names/n85313457
|
| 700 |
1 |
|
|a Willis, Nathaniel,
|d 1755-1831,
|e printer.
|0 http://id.loc.gov/authorities/names/nr89011275
|
| 710 |
2 |
|
|a Gale (Firm)
|0 http://id.loc.gov/authorities/names/no2008071348
|
| 752 |
|
|
|a United States
|b Massachusetts
|d Boston.
|
| 856 |
4 |
0 |
|u http://proxy.library.tamu.edu/login?url=http://find.galegroup.com/ecco/infomark.do?contentSet=ECCOArticles&docType=ECCOArticles&bookId=1547401100&type=getFullCitation&tabID=T001&prodId=ECCO&docLevel=TEXT_GRAPHICS&version=1.0&source=library&userGroupName=txshracd2898
|z Connect to the full text of this electronic book
|t 0
|
| 999 |
f |
f |
|s 99875b9b-00bf-34f1-a5b3-d3065a8c4b9f
|i 906440ff-6261-3889-ab20-bd465d80ae10
|t 0
|
| 952 |
f |
f |
|a Texas A&M University
|b College Station
|c Electronic Resources
|d Available Online
|t 0
|e Z1215 .M377 1778
|h Library of Congress classification
|
| 998 |
f |
f |
|a Z1215 .M377 1778
|t 0
|l Available Online
|